000 00355nam a22001457a 4500
003 Macl
005 20180421115758.0
008 180421b xxu||||| |||| 00| 0 eng d
040 _cMACL
100 _aPrasant s. Iyengar
_972166
245 _aAshtanga yoga of patanjali
260 _aDelhi
_bNew age books
_c2016
650 _aYoga
_972167
942 _2ddc
_cBK
999 _c57820
_d57820